Cecil essentials of medicine / (Record no. 914)

MARC details
000 -LEADER
fixed length control field 00949cam a2200289 a 4500
001 - CONTROL NUMBER
control field 615522
003 - CONTROL NUMBER IDENTIFIER
control field OSt
005 - DATE AND TIME OF LATEST TRANSACTION
control field 20150116140703.0
008 - FIXED-LENGTH DATA ELEMENTS--GENERAL INFORMATION
fixed length control field 920615s1993 paua b 001 0 eng c
010 ## - LIBRARY OF CONGRESS CONTROL NUMBER
LC control number 92022928
020 ## - INTERNATIONAL STANDARD BOOK NUMBER
International Standard Book Number 0721666973
040 ## - CATALOGING SOURCE
Original cataloging agency DNLM/DLC
Transcribing agency DLC
Modifying agency DLC
082 00 - DEWEY DECIMAL CLASSIFICATION NUMBER
Classification number WB 100 C322t 1997
Edition number 20
245 00 - TITLE STATEMENT
Title Cecil essentials of medicine /
Statement of responsibility, etc. Thomas E. Andreoli ... [et al.].
250 ## - EDITION STATEMENT
Edition statement 4rd ed.
260 ## - PUBLICATION, DISTRIBUTION, ETC. (IMPRINT)
Place of publication, distribution, etc. Philadelphia :
Name of publisher, distributor, etc. Saunders,
Date of publication, distribution, etc. c1997.
300 ## - PHYSICAL DESCRIPTION
Extent xxiii, 999 p. :
Other physical details col.ill. ;
Dimensions 30 cm.
504 ## - BIBLIOGRAPHY, ETC. NOTE
Bibliography, etc Includes bibliographical references and index.
650 #0 - SUBJECT ADDED ENTRY--TOPICAL TERM
Topical term or geographic name as entry element Internal medicine.
9 (RLIN) 849
650 #2 - SUBJECT ADDED ENTRY--TOPICAL TERM
Topical term or geographic name as entry element Medicine.
9 (RLIN) 324
700 1# - ADDED ENTRY--PERSONAL NAME
Personal name Cecil, Russell L.
Fuller form of name (Russell La Fayette),
Dates associated with a name 1881-1965.
9 (RLIN) 2454
700 1# - ADDED ENTRY--PERSONAL NAME
Personal name Andreoli, Thomas E.,
Dates associated with a name 1935-
9 (RLIN) 2455
730 0# - ADDED ENTRY--UNIFORM TITLE
Uniform title Cecil textbook of medicine.
9 (RLIN) 2456
906 ## - LOCAL DATA ELEMENT F, LDF (RLIN)
a 7
b cbc
c orignew
d 1
e ocip
f 19
g y-gencatlg
942 ## - ADDED ENTRY ELEMENTS (KOHA)
Source of classification or shelving scheme Other/Generic Classification Scheme
Koha item type Short Loan
Holdings
Withdrawn status Lost status Source of classification or shelving scheme Damaged status Not for loan Home library Current library Date acquired Source of acquisition Inventory number Total Checkouts Full call number Barcode Date last seen Price effective from Koha item type
    Other/Generic Classification Scheme     MUST Main Library MUST Main Library 16/01/2015 Purchase 2005/24233   WB 100 C322t 1997 2015-0131 16/01/2015 16/01/2015 Short Loan
    Other/Generic Classification Scheme     MUST Main Library MUST Main Library 18/08/2016 Purchase 2007/28418   WB 100 C322t 1997 2016-3746 21/04/2017 18/08/2016 Open Shelf